[Event "EUSA-ch Open 2019"]
[Site "Budapest"]
[Date "2019.07.25"]
[Round "3.6"]
[White "Molenda, Marcin"]
[Black "Petrosyan, Tigran S."]
[Result "0-1"]
[WhiteElo "2387"]
[BlackElo "2448"]
[Annotator "NA"]
[PlyCount "46"]
[EventDate "2019.07.23"]
[EventType "team-tourn"]
[EventCountry "HUN"]
[SourceTitle "playchess.com"]
[Source "ChessBase"]
[SourceQuality "1"]
[TimeControl "1500+10"]

1. e4 {[%emt 0:00:00]} e5 {[%emt 0:00:00]} 2. Nf3 {[%emt 0:00:00]} Nc6 {[%emt 0:00:00]} 3. d4 {[%emt 0:00:02]} exd4 {[%emt 0:00:00]} 4. Nxd4 {[%emt 0:00:02]} Qf6 {[%emt 0:00:00]} 5. Be3 {[%emt 0:01:04]} Bc5 {[%emt 0:00:02]} 6. c3 {[%emt 0:00:01]} Nge7 {[%emt 0:00:05]} 7. g3 {[%emt 0:00:21]} h5 {[%emt 0:02:39]} 8. Bg2 {[%emt 0:01:31]} d6 {[%emt 0:03:17]} 9. Nc2 {[%emt 0:01:57]} Bg4 {[%emt 0:01:36]} 10. f3 {[%emt 0:00:02]} Bxe3 {[%emt 0:00:42]} 11. Nxe3 {[%emt 0:00:01]} Bd7 {[%emt 0:00:04]} 12. Nd2 {[%emt 0:03:11]} h4 {[%emt 0:00:44]} 13. Qe2 {[%emt 0:00:23]} O-O-O {[%emt 0:01:46]} 14. O-O-O {[%emt 0:00:09]} g5 {[%emt 0:01:00]} 15. Rdf1 {[%emt 0:00:27]} h3 {[%emt 0:00:03]} 16. f4 {[%emt 0:08:36]} hxg2 {[%emt 0:00:16]} 17. Nxg2 {[%emt 0:00:01]} gxf4 {[%emt 0:00:35]} 18. Nxf4 {[%emt 0:00:05]} Qg5 {[%emt 0:01:04]} 19. Qe3 {[%emt 0:00:49]} Qa5 {[%emt 0:01:22]} 20. Kb1 {[%emt 0:00:04]} Ne5 {[%emt 0:00:09]} 21. h4 {[%emt 0:00:27]} f5 {[%emt 0:01:31]} 22. Ka1 {[%emt 0:00:27]} fxe4 {[%emt 0:00:59]} 23. Qxe4 {[%emt 0:00:15]} Bc6 0-1

[Event "EUSA-ch Open 2019"]
[Site "Budapest"]
[Date "2019.07.25"]
[Round "4.1"]
[White "Shevchenko, Kirill"]
[Black "Chigaev, Maksim"]
[Result "1/2-1/2"]
[WhiteElo "2536"]
[BlackElo "2640"]
[Annotator "RC"]
[PlyCount "112"]
[EventDate "2019.07.23"]
[EventType "team-tourn"]
[EventCountry "HUN"]
[SourceTitle "playchess.com"]
[Source "ChessBase"]
[SourceQuality "1"]
[TimeControl "1500+10"]

1. d4 {[%emt 0:00:00]} Nf6 {[%emt 0:00:00]} 2. c4 {[%emt 0:00:00]} g6 {[%emt 0:00:00]} 3. Nc3 {[%emt 0:00:00]} Bg7 {[%emt 0:00:00]} 4. e4 {[%emt 0:00:00]} d6 {[%emt 0:00:00]} 5. Nf3 {[%emt 0:00:00]} O-O {[%emt 0:00:00]} 6. Be3 {[%emt 0:00:02]} Na6 {[%emt 0:00:16]} 7. Be2 {[%emt 0:01:18]} e5 {[%emt 0:00:03]} 8. O-O {[%emt 0:02:41]} c6 {[%emt 0:00:06]} 9. Re1 Qe7 {[%emt 0:01:32]} 10. c5 {[%emt 0:02:55]} dxc5 {[%emt 0:00:03]} 11. dxe5 {[%emt 0:00:24]} Ng4 {[%emt 0:00:02]} 12. Bg5 {[%emt 0:01:04]} Qe6 {[%emt 0:01:08]} 13. Bf4 {[%emt 0:03:53]} Nxe5 {[%emt 0:00:57]} 14. Bxe5 {[%emt 0:01:12]} Bxe5 {[%emt 0:00:04]} 15. Nxe5 {[%emt 0:00:02]} Qxe5 {[%emt 0:00:03]} 16. Bxa6 {[%emt 0:00:01]} bxa6 {[%emt 0:00:02]} 17. Rc1 {[%emt 0:00:03]} Be6 {[%emt 0:01:33]} 18. Qa4 {[%emt 0:00:21]} Rab8 {[%emt 0:00:09]} 19. b3 {[%emt 0:00:21]} c4 {[%emt 0:01:13]} 20. bxc4 {[%emt 0:00:33]} Rb2 {[%emt 0:02:33]} 21. Qxc6 {[%emt 0:04:03]} Rc8 {[%emt 0:01:52]} 22. Qxa6 {[%emt 0:00:26]} Rxc4 {[%emt 0:00:40]} 23. Qa3 {[%emt 0:01:57]} Rd2 {[%emt 0:00:38]} 24. Nd5 {[%emt 0:01:03]} Qd4 {[%emt 0:01:34]} 25. Rf1 {[%emt 0:05:13]} Rxc1 {[%emt 0:00:19]} 26. Qxc1 {[%emt 0:00:01]} Rxa2 {[%emt 0:00:02]} 27. h4 {[%emt 0:00:43]} Bxd5 {[%emt 0:00:52]} 28. exd5 {[%emt 0:00:01]} Qxd5 {[%emt 0:00:01]} 29. Qc8+ {[%emt 0:00:13]} Kg7 {[%emt 0:00:04]} 30. Qc3+ {[%emt 0:00:02]} f6 {[%emt 0:05:42]} 31. Re1 {[%emt 0:00:31]} Qd6 {[%emt 0:00:01]} 32. Qb3 {[%emt 0:00:45]} Qd2 {[%emt 0:00:01]} 33. Qe3 {[%emt 0:00:26]} Qxe3 {[%emt 0:00:10]} 34. Rxe3 {[%emt 0:00:01]} Kf7 {[%emt 0:00:08]} 35. Rb3 {[%emt 0:00:03]} Re2 {[%emt 0:00:47]} 36. Ra3 {[%emt 0:00:23]} Re7 {[%emt 0:00:12]} 37. Ra6 {[%emt 0:00:00]} f5 {[%emt 0:00:18]} 38. Kh2 {[%emt 0:00:01]} Ke8 {[%emt 0:00:11]} 39. Kg3 {[%emt 0:00:14]} Kd8 {[%emt 0:00:15]} 40. Kf4 {[%emt 0:00:24]} Kc8 {[%emt 0:00:32]} 41. h5 {[%emt 0:00:00]} Kb7 {[%emt 0:00:25]} 42. Rf6 {[%emt 0:00:07]} Rg7 {[%emt 0:01:29]} 43. hxg6 {[%emt 0:00:01]} hxg6 {[%emt 0:00:02]} 44. Ke5 {[%emt 0:00:21]} a5 {[%emt 0:00:23]} 45. Kd4 {[%emt 0:00:03]} Rc7 {[%emt 0:02:19]} 46. Rxg6 {[%emt 0:00:01]} a4 {[%emt 0:00:01]} 47. Rg3 {[%emt 0:00:28]} Kb6 {[%emt 0:00:10]} 48. Rf3 {[%emt 0:00:26]} Ra7 {[%emt 0:00:51]} 49. Ra3 {[%emt 0:00:10]} Kb5 {[%emt 0:00:03]} 50. Kc3 {[%emt 0:00:01]} Re7 {[%emt 0:00:20]} 51. Ra2 {[%emt 0:00:08]} Rc7+ {[%emt 0:00:11]} 52. Kd4 {[%emt 0:00:02]} Re7 {[%emt 0:00:59]} 53. Kc3 {[%emt 0:00:09]} Ra7 {[%emt 0:00:23]} 54. g3 {[%emt 0:00:27]} Ra8 {[%emt 0:00:31]} 55. Re2 {[%emt 0:00:11]} a3 {[%emt 0:00:12]} 56. Kb3 {[%emt 0:00:01]} a2 {[%emt 0:00:50]} 1/2-1/2

[Event "EUSA-ch Open 2019"]
[Site "Budapest"]
[Date "2019.07.25"]
[Round "4.2"]
[White "Predke, Alexandr"]
[Black "Golubka, Petro"]
[Result "1-0"]
[WhiteElo "2632"]
[BlackElo "2483"]
[Annotator "TA"]
[PlyCount "95"]
[EventDate "2019.07.23"]
[EventType "team-tourn"]
[EventCountry "HUN"]
[SourceTitle "playchess.com"]
[Source "ChessBase"]
[SourceQuality "1"]

{[%evp 22,95,2,12,19,0,0,0,0,-35,24,-10,17,-29,-13,-52,-22,-60,-50,-66,0,-65,0,-10,69,54,79,0,12,0,0,0,83,100,127,0,0,-70,235,234,281,279,233,195,206,170,145,16,25,9,29,2,47,0,172,165,213,220,236,245,234,235,452,197,1032,1002,1406,1207,1400,1342,1360,1359,1260,1193,1112,1061]} 1. e4 c5 2. Nc3 e6 3. Nf3 a6 4. d4 cxd4 5. Nxd4 d6 6. Be2 Nf6 7. Be3 Be7 8. O-O Nc6 9. f4 O-O 10. Kh1 Bd7 11. Nb3 b5 12. a3 Bc8 {B85: Sicilian Scheveningen: 6 Be2 a6, lines with early Be3} 13. g4 $146 ({Predecessor:} 13. Bf3 Bb7 14. e5 dxe5 15. fxe5 Nd7 16. Bf4 Qc7 17. Qe1 b4 18. axb4 Bxb4 19. Rd1 Rab8 20. Qg3 Bxc3 21. Bxc6 Qxc6 22. bxc3 {½-½ (77) Sevian,S (2634)-Artemiev,V (2706) Douglas 2018}) 13... Bb7 14. g5 Nd7 {The position is equal.} 15. Rf3 f5 (15... Nc5 $15) 16. Rh3 (16. gxf6 $5 Rxf6 17. Rg3 $14) 16... g6 (16... fxe4 $2 17. Bg4 $18) 17. Bf3 {Black must now prevent exf5.} Qc7 18. Qe2 Rae8 19. exf5 Rxf5 20. Kg1 Nf8 (20... Rf7 $15) 21. Ne4 (21. Rf1 $11) 21... Rf7 (21... e5 $15 22. Ng3 Rxf4 23. Bd5+ (23. Bxf4 exf4 24. Bd5+ Kh8 $11) 23... Kh8 24. Bxf4 exf4) 22. Nf2 $1 $11 d5 (22... Nd7 $11) 23. Ng4 $14 Rxf4 24. Nh6+ (24. Rf1 $16 Rxg4+ 25. Bxg4) 24... Kg7 $1 $11 25. Bxf4 Qxf4 26. Rf1 {Hoping for Bg2.} Qxg5+ (26... Nd4 $11 27. Qe1 (27. Qd3 Nxb3 28. cxb3 Qxg5+ 29. Bg2 Bf6 $11) 27... Qxg5+ 28. Bg2 Nf5 29. Nxf5+ exf5) 27. Bg2 $16 Bf6 28. Nc5 (28. Nf5+ $1 $16 gxf5 29. Rg3) 28... Bc8 $1 $11 {Strongly threatening ...e5.} 29. c3 (29. Kh1 $11) 29... e5 $2 {[%mdl 8192]} (29... Ne5 $1 $15 {stays ahead.}) 30. Nf7 $1 $18 {[%cal Rf7g5]} Kxf7 31. Rg3 Qh4 {...e4 is the strong threat.} 32. Bxd5+ {[%mdl 64] Double Attack} Kg7 {aiming for ...Ne7.} 33. Bxc6 Rd8 34. Qf2 ({White should play} 34. Qe3 $16) 34... Ne6 $1 $11 35. Nxe6+ Bxe6 36. Qa7+ Kh6 37. Bg2 Bc8 $2 (37... Bg5 $1 $11 {and Black is okay.}) 38. Qc7 $18 Bf5 39. Qb6 $1 Rd2 {[#]} 40. Qe3+ $1 Bg5 41. Qxe5 Rxb2 $2 (41... Bd3 {might work better.}) 42. Qh8 (42. Rxf5 $142 Rb1+ 43. Rf1 Rxf1+ 44. Bxf1) 42... Be7 $2 {[#]} (42... Rxg2+ 43. Kxg2 Qe4+ 44. Kf2 Bh4) 43. Rxf5 $1 {[%mdl 512] White is clearly winning.} Rxg2+ (43... gxf5 44. Qg7+) 44. Kxg2 {Intending Re5 and mate.} ({And not} 44. Rxg2 Qe1+ 45. Rf1 Bc5+ 46. Rgf2 Bxf2+ 47. Kg2 Qe4+ 48. Kxf2 Qf5+ 49. Kg1 Qg4+ 50. Kf2 Qf5+ 51. Kg1 Qg4+ 52. Kf2 Qf5+ $11) 44... Qe4+ 45. Rff3 Qe2+ 46. Rf2 Qe4+ {[#]} 47. Rgf3 $1 Qg4+ 48. Kh1 {Accuracy: White = 35%, Black = 31%.} 1-0

[Event "EUSA-ch Open 2019"]
[Site "Budapest"]
[Date "2019.07.25"]
[Round "4.3"]
[White "Zaslavsky, Mikhail"]
[Black "Harutyunian, Tigran K."]
[Result "1/2-1/2"]
[WhiteElo "2405"]
[BlackElo "2539"]
[Annotator "ChessBase"]
[PlyCount "225"]
[EventDate "2019.07.23"]
[EventType "team-tourn"]
[EventCountry "HUN"]
[SourceTitle "playchess.com"]
[Source "ChessBase"]
[SourceQuality "1"]
[TimeControl "1500+10"]

1. f4 {[%emt 0:00:00]} Nf6 {[%emt 0:00:25]} 2. Nf3 {[%emt 0:00:00]} b6 {[%emt 0:00:18]} 3. e3 {[%emt 0:00:16]} Bb7 {[%emt 0:00:03]} 4. a4 {[%emt 0:00:01]} c5 {[%emt 0:00:25]} 5. a5 {[%emt 0:00:18]} bxa5 {[%emt 0:00:19]} 6. Nc3 {[%emt 0:00:36]} e6 {[%emt 0:00:18]} 7. b3 {[%emt 0:01:09]} Be7 {[%emt 0:00:04]} 8. Bb2 {[%emt 0:00:01]} O-O {[%emt 0:00:12]} 9. Be2 {[%emt 0:00:01]} Nc6 {[%emt 0:00:57]} 10. O-O {[%emt 0:00:04]} d5 11. Na4 {[%emt 0:00:26]} d4 {[%emt 0:01:12]} 12. Ne5 {[%emt 0:02:29]} Nb4 {[%emt 0:02:05]} 13. Nc4 {[%emt 0:04:50]} dxe3 {[%emt 0:02:25]} 14. dxe3 {[%emt 0:00:20]} Be4 {[%emt 0:01:42]} 15. c3 {[%emt 0:01:26]} Qxd1 {[%emt 0:03:16]} 16. Rfxd1 {[%emt 0:00:31]} Nc6 {[%emt 0:01:16]} 17. Nd2 {[%emt 0:02:06]} Rab8 {[%emt 0:02:41]} 18. Ba3 {[%emt 0:01:58]} Bc2 {[%emt 0:00:51]} 19. Rdc1 {[%emt 0:00:04]} Bxb3 {[%emt 0:00:12]} 20. Nxc5 {[%emt 0:02:31]} a4 {[%emt 0:00:38]} 21. Nxa4 {[%emt 0:03:22]} Bxa4 {[%emt 0:00:10]} 22. Bxe7 {[%emt 0:00:03]} Nxe7 {[%emt 0:00:01]} 23. Rxa4 {[%emt 0:00:01]} Rb2 {[%emt 0:00:01]} 24. Rd4 {[%emt 0:01:10]} Nf5 {[%emt 0:01:20]} 25. Rd3 {[%emt 0:00:24]} Nxe3 {[%emt 0:01:41]} 26. c4 {[%emt 0:01:47]} Nc2 {[%emt 0:00:01]} 27. Bf3 {[%emt 0:01:07]} Nb4 {[%emt 0:00:10]} 28. Rd6 {[%emt 0:01:08]} Nfd5 {[%emt 0:01:05]} 29. cxd5 {[%emt 0:01:01]} Rxd2 {[%emt 0:00:01]} 30. Rd7 {[%emt 0:00:10]} Nxd5 {[%emt 0:00:36]} 31. Bxd5 {[%emt 0:00:03]} exd5 {[%emt 0:00:04]} 32. Rxa7 {[%emt 0:00:27]} g6 {[%emt 0:00:01]} 33. Rac7 {[%emt 0:00:06]} Re8 {[%emt 0:00:08]} 34. Rc8 {[%emt 0:00:07]} Rxc8 {[%emt 0:00:03]} 35. Rxc8+ {[%emt 0:00:01]} Kg7 {[%emt 0:00:00]} 36. Re8 {[%emt 0:00:30]} h5 {[%emt 0:00:18]} 37. g3 {[%emt 0:00:13]} Kf6 {[%emt 0:00:31]} 38. Re5 {[%emt 0:00:06]} d4 {[%emt 0:00:02]} 39. h3 {[%emt 0:00:16]} d3 {[%emt 0:00:04]} 40. g4 {[%emt 0:00:08]} hxg4 {[%emt 0:00:02]} 41. hxg4 {[%emt 0:00:00]} Rc2 {[%emt 0:00:24]} 42. g5+ {[%emt 0:00:17]} Kg7 {[%emt 0:00:06]} 43. Rd5 {[%emt 0:00:06]} d2 {[%emt 0:00:54]} 44. Kf1 {[%emt 0:00:00]} Rc4 {[%emt 0:00:12]} 45. Ke2 {[%emt 0:00:32]} Rxf4 {[%emt 0:00:45]} 46. Kxd2 {[%emt 0:00:01]} Re4 {[%emt 0:00:07]} 47. Kd3 {[%emt 0:00:04]} Re1 {[%emt 0:00:10]} 48. Kd2 {[%emt 0:00:15]} Re6 {[%emt 0:00:02]} 49. Kd3 {[%emt 0:00:05]} Re1 {[%emt 0:00:43]} 50. Ra5 {[%emt 0:00:04]} Re7 {[%emt 0:00:49]} 51. Kd4 {[%emt 0:00:22]} f6 {[%emt 0:00:01]} 52. gxf6+ {[%emt 0:00:03]} Kxf6 {[%emt 0:00:01]} 53. Ra1 {[%emt 0:00:25]} g5 {[%emt 0:00:03]} 54. Rf1+ {[%emt 0:00:13]} Kg6 {[%emt 0:00:03]} 55. Rg1 {[%emt 0:00:01]} Re8 {[%emt 0:00:02]} 56. Kd3 {[%emt 0:00:01]} Re7 {[%emt 0:00:24]} 57. Kd4 {[%emt 0:00:01]} Kf5 {[%emt 0:02:25]} 58. Rf1+ {[%emt 0:00:01]} Kg4 {[%emt 0:00:04]} 59. Rg1+ {[%emt 0:00:01]} Kh4 {[%emt 0:00:11]} 60. Rh1+ {[%emt 0:00:01]} Kg4 {[%emt 0:00:05]} 61. Rg1+ {[%emt 0:00:00]} Kh5 {[%emt 0:00:00]} 62. Rh1+ {[%emt 0:00:01]} Kg6 {[%emt 0:00:01]} 63. Rg1 {[%emt 0:00:00]} Re8 {[%emt 0:00:04]} 64. Kd3 {[%emt 0:00:02]} Re5 {[%emt 0:00:35]} 65. Kd4 {[%emt 0:00:02]} Kf6 {[%emt 0:00:03]} 66. Rf1+ {[%emt 0:00:43]} Rf5 {[%emt 0:00:02]} 67. Rg1 {[%emt 0:00:06]} Rf4+ {[%emt 0:00:43]} 68. Ke3 {[%emt 0:00:01]} Kf5 {[%emt 0:00:01]} 69. Rg2 {[%emt 0:00:06]} Ra4 {[%emt 0:00:04]} 70. Rg1 {[%emt 0:01:15]} g4 {[%emt 0:00:02]} 71. Rb1 {[%emt 0:00:25]} Kg5 {[%emt 0:00:05]} 72. Kf2 {[%emt 0:00:08]} Kh4 {[%emt 0:00:04]} 73. Rb3 {[%emt 0:00:05]} g3+ {[%emt 0:00:09]} 74. Kg1 {[%emt 0:00:14]} Kh3 {[%emt 0:00:05]} 75. Rb1 {[%emt 0:00:02]} Ra2 {[%emt 0:00:09]} 76. Rc1 {[%emt 0:00:02]} Rg2+ {[%emt 0:00:06]} 77. Kh1 {[%emt 0:00:09]} Ra2 {[%emt 0:00:08]} 78. Kg1 {[%emt 0:00:01]} Ra3 {[%emt 0:00:08]} 79. Rf1 {[%emt 0:00:15]} Rd3 {[%emt 0:00:42]} 80. Ra1 {[%emt 0:00:04]} Re3 {[%emt 0:00:04]} 81. Rf1 {[%emt 0:00:05]} Rd3 {[%emt 0:00:36]} 82. Ra1 {[%emt 0:00:01]} Kg4 {[%emt 0:00:06]} 83. Rb1 {[%emt 0:00:02]} Kf3 {[%emt 0:00:09]} 84. Rf1+ {[%emt 0:00:02]} Kg4 {[%emt 0:00:03]} 85. Ra1 {[%emt 0:00:00]} Rb3 {[%emt 0:00:04]} 86. Rc1 {[%emt 0:00:10]} Rb8 {[%emt 0:00:05]} 87. Ra1 {[%emt 0:00:02]} Rf8 {[%emt 0:00:08]} 88. Kg2 {[%emt 0:00:09]} Rf2+ {[%emt 0:00:02]} 89. Kg1 {[%emt 0:00:01]} Kh3 {[%emt 0:00:01]} 90. Rb1 {[%emt 0:00:02]} Rh2 {[%emt 0:00:23]} 91. Ra1 {[%emt 0:00:06]} Re2 {[%emt 0:00:23]} 92. Rb1 {[%emt 0:00:05]} Kg4 {[%emt 0:00:02]} 93. Rf1 {[%emt 0:00:15]} Rd2 {[%emt 0:00:03]} 94. Ra1 {[%emt 0:00:05]} Kf3 {[%emt 0:00:03]} 95. Ra3+ {[%emt 0:00:06]} Kg4 {[%emt 0:00:06]} 96. Ra1 {[%emt 0:00:01]} Rc2 {[%emt 0:00:20]} 97. Rb1 {[%emt 0:00:02]} Ra2 {[%emt 0:00:09]} 98. Rc1 {[%emt 0:00:01]} Kh3 {[%emt 0:00:07]} 99. Rb1 {[%emt 0:00:02]} Ra3 {[%emt 0:00:03]} 100. Rf1 {[%emt 0:00:07]} Rb3 {[%emt 0:00:06]} 101. Ra1 {[%emt 0:00:05]} g2 {[%emt 0:00:02]} 102. Rc1 {[%emt 0:00:17]} Ra3 {[%emt 0:00:07]} 103. Rb1 {[%emt 0:00:11]} Rf3 {[%emt 0:00:05]} 104. Ra1 {[%emt 0:00:11]} Kg3 {[%emt 0:00:02]} 105. Ra3 {[%emt 0:00:37]} Kg4 {[%emt 0:00:04]} 106. Ra2 {[%emt 0:00:09]} Kh3 {[%emt 0:00:08]} 107. Rxg2 {[%emt 0:00:12]} Ra3 {[%emt 0:00:01]} 108. Rh2+ {[%emt 0:00:03]} Kg3 {[%emt 0:00:02]} 109. Rg2+ {[%emt 0:00:01]} Kf3 {[%emt 0:00:01]} 110. Rf2+ {[%emt 0:00:01]} Ke3 {[%emt 0:00:01]} 111. Kg2 {[%emt 0:00:06]} Ra8 {[%emt 0:00:02]} 112. Rf3+ {[%emt 0:00:03]} Ke4 {[%emt 0:00:02]} 113. Rb3 {[%emt 0:00:04]} 1/2-1/2

[Event "EUSA-ch Open 2019"]
[Site "Budapest"]
[Date "2019.07.25"]
[Round "4.4"]
[White "Petrosyan, Tigran S."]
[Black "Galburd, Yan"]
[Result "0-1"]
[WhiteElo "2448"]
[BlackElo "2429"]
[Annotator "NA RC"]
[PlyCount "68"]
[EventDate "2019.07.23"]
[EventType "team-tourn"]
[EventCountry "HUN"]
[SourceTitle "playchess.com"]
[Source "ChessBase"]
[SourceQuality "1"]
[TimeControl "1500+10"]

1. Nf3 {[%emt 0:00:00]} d5 {[%emt 0:00:02]} 2. d4 {[%emt 0:00:00]} e6 {[%emt 0:00:22]} 3. c4 {[%emt 0:00:00]} a6 {[%emt 0:00:23]} 4. b3 {[%emt 0:01:46]} Bb4+ {[%emt 0:01:42]} 5. Bd2 {[%emt 0:00:25]} Be7 6. Bc3 {[%emt 0:01:40]} Nf6 {[%emt 0:00:33]} 7. Nbd2 {[%emt 0:00:03]} O-O {[%emt 0:01:33]} 8. e3 {[%emt 0:00:54]} b6 {[%emt 0:00:04]} 9. Bd3 {[%emt 0:00:37]} c5 {[%emt 0:00:09]} 10. O-O {[%emt 0:00:24]} Bb7 {[%emt 0:00:39]} 11. Qe2 {[%emt 0:00:59]} Nc6 {[%emt 0:01:17]} 12. Bb2 {[%emt 0:03:06]} Nb4 {[%emt 0:00:11]} 13. Bb1 {[%emt 0:00:09]} Rc8 {[%emt 0:00:50]} 14. a3 {[%emt 0:00:38]} Nc6 {[%emt 0:00:01]} 15. Bd3 {[%emt 0:00:01]} dxc4 {[%emt 0:00:06]} 16. bxc4 {[%emt 0:00:03]} Qc7 {[%emt 0:00:26]} 17. Rac1 {[%emt 0:00:30]} Rfd8 {[%emt 0:00:08]} 18. Rfd1 {[%emt 0:00:25]} Qb8 {[%emt 0:01:00]} 19. Nb3 {[%emt 0:01:42]} cxd4 {[%emt 0:01:14]} 20. exd4 {[%emt 0:01:05]} Qa8 {[%emt 0:01:04]} 21. Ng5 {[%emt 0:03:43]} Re8 {[%emt 0:05:10]} 22. Re1 {[%emt 0:04:41]} g6 {[%emt 0:05:38]} 23. Bb1 {[%emt 0:01:41]} b5 {[%emt 0:01:42]} 24. cxb5 {[%emt 0:01:25]} axb5 {[%emt 0:00:01]} 25. Nc5 {[%emt 0:00:19]} Na5 {[%emt 0:00:57]} 26. Ba2 {[%emt 0:01:34]} Nc4 {[%emt 0:00:24]} 27. Ba1 {[%emt 0:00:43]} Bd5 {[%emt 0:00:27]} 28. Rc3 {[%emt 0:00:03]} h6 {[%emt 0:00:32]} 29. Nh3 {[%emt 0:00:35]} Bxg2 {[%emt 0:00:26]} 30. Nf4 {[%emt 0:00:01]} Bd5 {[%emt 0:00:10]} 31. Rg3 {[%emt 0:00:06]} Bd6 {[%emt 0:00:49]} 32. Nxd5 {[%emt 0:00:11]} exd5 {[%emt 0:00:06]} 33. Qf1 {[%emt 0:00:21]} Bxg3 {[%emt 0:00:15]} 34. hxg3 {[%emt 0:00:01]} Qxa3 {[%emt 0:00:12]} 0-1

[Event "EUSA-ch Open 2019"]
[Site "Budapest"]
[Date "2019.07.25"]
[Round "4.5"]
[White "Korpa, Bence"]
[Black "Liebelt, Jannik"]
[Result "1-0"]
[WhiteElo "2523"]
[BlackElo "2056"]
[Annotator "TA"]
[PlyCount "75"]
[EventDate "2019.07.23"]
[EventType "team-tourn"]
[EventCountry "HUN"]
[SourceTitle "playchess.com"]
[Source "ChessBase"]
[SourceQuality "1"]

{[%evp 11,74,-12,-4,0,44,34,18,33,42,2,19,16,28,28,13,14,27,36,63,0,16,-16,-13,-61,39,-8,0,-27,-9,-6,11,10,16,15,8,5,21,21,16,10,21,22,265,264,261,251,257,258,285,270,346,323,294,298,372,366,450,466,437,320,441,437,29990,29991,29999]} 1. d4 Nf6 2. Nf3 e6 3. Bf4 d5 4. e3 c5 5. c3 Nc6 6. Bd3 Qb6 {[#] Strongly threatening ...c4.} 7. Qc2 {D02: 1 d4 d5 2 Nf3 sidelines, including 2...Nf6 3 g3 and 2...Nf6 3 Bf4} (7. Qc1 Bd7 8. O-O Rc8 9. Nbd2 Be7 10. Rb1 O-O 11. Qd1 Rfd8 12. Ne5 Nxe5 13. dxe5 Ne8 14. Qh5 f5 15. Rfe1 {0-1 (43) Shvyrjov,I (2413)-Pilavov,G (2605) Lugansk 2007}) 7... h6 8. Nbd2 Nh5 $146 ({Predecessor:} 8... Be7 9. O-O O-O 10. h3 Nh5 11. Bh2 f5 12. Ne5 Nxe5 13. Bxe5 Nf6 14. c4 cxd4 {½-½ (14) Tornai,I (2190)-Kovacs,L (2227) Hungary 2014}) 9. Be5 {The position is equal.} Be7 10. dxc5 Qxc5 11. Bc7 {Nb3 is the strong threat.} Nd8 12. Bxd8 Bxd8 13. Qa4+ Kf8 14. O-O Bc7 15. Nb3 (15. c4 $14) 15... Qd6 16. Qh4 Nf6 17. Rad1 Bd8 (17... e5 $15 18. e4 Kg8) 18. Qd4 Bb6 19. Qa4 Bd7 20. Bb5 Bc7 21. Bxd7 Qxd7 22. Qxd7 Nxd7 23. c4 Nf6 24. cxd5 Nxd5 25. Rc1 {Hoping for e4.} Rc8 26. Nc5 Bb8 $2 {[#]} (26... Ke7 $11 {and Black is okay.}) 27. Nxe6+ $1 $18 {[%mdl 512]} Ke7 (27... fxe6 28. Rxc8+) 28. Nxg7 Kf6 29. Nh5+ Ke7 30. Nd4 Nb4 31. a3 Nd3 32. Rcd1 Nc5 33. f4 Ne4 34. Nf5+ Ke6 35. Nfg7+ Ke7 36. Rd4 Nf6 (36... Nd6 $18 37. Rfd1 Rhd8) 37. Nf5+ Ke6 38. Nhg7# {Accuracy: White = 77%, Black = 15%.} 1-0

[Event "EUSA-ch Open 2019"]
[Site "Budapest"]
[Date "2019.07.25"]
[Round "4.6"]
[White "Paneff, Florian"]
[Black "Kaczur, Florian"]
[Result "0-1"]
[WhiteElo "2039"]
[BlackElo "2463"]
[Annotator "TA"]
[PlyCount "32"]
[EventDate "2019.07.23"]
[EventType "team-tourn"]
[EventCountry "HUN"]
[SourceTitle "playchess.com"]
[Source "ChessBase"]
[SourceQuality "1"]

{[%evp 13,32,16,13,4,-5,-68,-50,-55,-40,-149,-130,-150,-176,-857,-835,-1204,-1215,-1206,-1205,-1205,-1206]} 1. e4 e5 2. Nf3 Nc6 3. d4 exd4 4. Nxd4 Bc5 5. Nxc6 bxc6 6. Bd3 d6 7. O-O Nf6 8. Bg5 {C45: Scotch Game} (8. h3 Nd7 9. Nc3 O-O 10. Na4 Qh4 11. b3 Bd4 12. c3 Bf6 13. Bd2 Ne5 14. Bc2 Bxh3 15. gxh3 Qxh3 16. f3 Qg3+ 17. Kh1 Qh3+ 18. Kg1 Qg3+ 19. Kh1 Qh3+ 20. Kg1 Qg3+ {½-½ (20) Jones,G (2665)-Grandelius,N (2642) Wijk aan Zee 2017}) 8... h6 9. Bh4 ({White should play} 9. Bf4 $11) 9... g5 $1 $15 {[%cal Rg5h4]} 10. Bg3 {Black is slightly better.} h5 $1 {[%cal Rh5h4] White must now prevent ...h4.} 11. h4 {[#]} (11. h3 $15) 11... Ng4 $1 $17 12. hxg5 Qxg5 {Strongly threatening ...h4.} 13. Nd2 $146 (13. Qf3 h4 14. Bf4) ({Predecessor:} 13. Qf3 h4 14. Bf4 Qf6 15. Nc3 h3 {0-1 (45) Jelica,M (2129)-Hartung,T (2018) Dortmund 2016}) 13... h4 $19 {Black is clearly winning.} 14. Nf3 {[#]} hxg3 $1 {[%mdl 512]} 15. Nxg5 gxf2+ 16. Rxf2 Nxf2 0-1

[Event "EUSA-ch Open 2019"]
[Site "Budapest"]
[Date "2019.07.26"]
[Round "5.1"]
[White "Chigaev, Maksim"]
[Black "Korpa, Bence"]
[Result "1-0"]
[WhiteElo "2640"]
[BlackElo "2523"]
[Annotator "TA"]
[PlyCount "95"]
[EventDate "2019.07.23"]
[EventType "team-tourn"]
[EventCountry "HUN"]
[SourceTitle "playchess.com"]
[Source "ChessBase"]
[SourceQuality "1"]

{[%evp 10,95,60,48,50,52,56,26,45,40,49,41,47,46,36,24,13,33,49,53,47,42,50,25,26,0,42,45,67,73,78,73,84,15,91,73,89,94,107,111,100,80,58,68,74,43,41,27,18,0,67,64,78,64,52,42,421,416,483,508,508,516,494,497,681,669,685,509,509,508,549,491,474,470,454,445,582,592,577,559,1079,1067,1895,1913,29983,29984,29979,29980]} 1. e4 d5 2. exd5 Qxd5 3. Nc3 Qd6 4. d4 Nf6 5. Nf3 c6 6. Ne5 Nbd7 {B01: Scandinavian Defence} 7. Nc4 Qc7 8. Qf3 Nb6 {White has an edge.} 9. Bf4 Qd7 10. Nxb6 axb6 11. O-O-O {aiming for d5.} Qd8 {[#] And now ...Bg4 would win.} 12. h3 ({Predecessor:} 12. Qe3 e6 13. Bc4 Be7 14. Be5 {1-0 (55) Horvath,A (2493)-Kovacevic,B (2497) Hungary 2018}) 12... e6 $1 13. Bc4 Be7 14. Be5 $146 (14. g4) 14... b5 15. Bb3 $1 O-O 16. Qg3 Nh5 17. Qf3 Nf6 $1 18. h4 b4 19. Ne4 Nxe4 20. Qxe4 Bd6 21. Qg4 (21. h5 $16) 21... f6 (21... Bxe5 $11 {remains equal.} 22. dxe5 Qe7) 22. Qg3 (22. Bxd6 {keeps more tension.} Qxd6 23. f4 Kh8 24. Qf3 Bd7 25. Rhe1) 22... fxe5 23. dxe5 {[#]} Bxe5 $1 {[%mdl 512]} 24. Qxe5 ({Much weaker is} 24. Rxd8 $6 Bxg3 25. Rxf8+ Kxf8 $11) 24... Qf6 25. Qxf6 gxf6 26. Rhe1 Kf7 27. g4 h5 28. Re4 c5 29. Bc4 Ke7 (29... b5 $11 30. Bxb5 Rxa2) 30. gxh5 $14 {Rg4 is the strong threat.} e5 31. f4 Bf5 32. Re3 $36 {[%mdl 2048] White has some pressure.} e4 $2 {[%mdl 8192]} (32... Be6 $14 33. Bd5 Rad8 34. Bxb7 Rxd1+ 35. Kxd1 Rb8) 33. Rd5 $1 $18 {[%csl LRc5,LRf5]} Bh7 34. f5 Rfd8 {Now ...Rxd5 and Black clings on.} 35. Rxe4+ Kf8 36. Rxc5 Rd7 37. Be6 Rg7 38. Rc8+ Rxc8 39. Bxc8 {[%mdl 4096] Endgame KRB-KRB} Rg1+ 40. Kd2 Rg2+ 41. Re2 Rg4 42. Re6 Rd4+ 43. Ke3 Rc4 44. Bxb7 Rxc2 45. h6 Rxb2 46. Bd5 Bg8 47. Rxf6+ Ke7 48. Rg6 {Accuracy: White = 60%, Black = 56%.} 1-0